Countries Selena Gomez has Visited - Statistics

General Stats
  • This quiz has been taken 113 times
    58 since last reset
  • The average score is 22 of 29
Answer Stats
Continent Country % Correct
North America Canada
96%
Asia Japan
94%
Europe Spain
94%
North America United States of America
94%
South America Brazil
90%
North America Mexico
90%
Oceania Australia
88%
Europe Italy
88%
South America Argentina
85%
Europe France
85%
Europe Germany
85%
Europe United Kingdom
85%
Europe Portugal
83%
Europe Sweden
81%
Oceania New Zealand
79%
Europe Netherlands
75%
Europe Belgium
73%
South America Chile
73%
Europe Norway
73%
South America Peru
73%
Europe Austria
67%
Europe Denmark
63%
Asia Thailand
63%
Asia Philippines
60%
Asis Singapore
60%
Asia Indonesia
58%
North America Panama
52%
Asia United Arab Emirates
52%
Asia Malaysia
48%
No matching quizzes found
Score Distribution
Percent of People with Each Score
Percentile by Number Answered
Your Score History
You have not taken this quiz since the last reset